Culture Générale - Série 1664 - Statistiques

Statistiques générales
  • Ce quiz a été pris 93 fois
  • Le résultat moyen est 6 sur 10
Statistiques - réponses
Question Réponse % Correct
Quel appendice est plat chez le castor et en panache chez l'écureuil roux ? queue
85%
La Santa Maria, la Pinta et la Niña étaient les caravelles de ... Christophe Colomb
83%
Selon la comptine, quelles plantes des prés "fleurissent, fleurissent" lorsque vient la "fin de l'été" ? colchiques
80%
Qui était le chanteur du groupe The Police ? Sting
68%
Lorsqu'on paye un achat en remettant exactement la somme due, pour que le caissier n'ait pas de monnaie à rendre, on dit qu'on fait... l'appoint
67%
A quelle religion associe-t-on un mufti ? Islam
65%
Sur les bords de quelle mer se trouve Stockholm ? Baltique
57%
Sous quel nom connaît-on mieux le fruit de la passiflore ? fruit de la passion
38%
Qui, en France, a été ministre de l'Education Nationale de 1988 à 1992 ? Lionel Jospin
22%
Comment se nomme le troisième cours d'eau d'Afrique australe dont les eaux ne rejoignent aucun océan ? Okavango
7%
Aucun quiz correspondant
Distribution des résultats
% des personnes avec chaque résultat
Percentile par nombre de réponses
Votre historique - résultats
Vous n’avez pas pris ce quiz